000 01422cab a2200349 4500
001 ABS49915
008 090401t1994 xxu||||| |||| 00| 0 eng d
035 _a(Sirsi) u73322
041 _aeng
245 _aInsulation and energy management
260 _c1994
300 _aLOAN
350 _a0
490 _aArchitects` Journal
_vFocus January 1994 (42)
520 _aSupplement on insulation and energy management including articles on improvements to energy efficiency on an estate on the Isle of Dogs and the energy assessment of two Wimpey pattern book houses. Also includes a review of the products and techniques available, an assessment of the costs of the main options for achieving the building regulations U-value demands and a list of manufacturers of thermal insulation and energy controls.
650 _aBREDEM
650 _aBUILDING REGULATIONS
_96224
650 _aCOSTS
650 _aENERGY CONTROLS
650 _aENERGY EFFICIENCY
650 _aENERGY MANAGEMENT
650 _aNEW HOUSING
650 _aPRODUCT INFORMATION
650 _aROOF INSULATION
650 _aBUILT ENVIRONMENT-BUILDING ELEMENTS-COMPLETE BUILDING ELEMENTS-ROOFS
650 _aTHERMAL INSULATION
650 _aU-VALUES
650 _aBUILT ENVIRONMENT-BUILDING ELEMENTS-COMPLETE BUILDING ELEMENTS-WALLS
690 _aBUILDING AND CONSTRUCTION-ENERGY CONSERVATION
942 _n0
948 _c04/03/1997
999 _c46368
_d46368